<?xml version="1.0" encoding="UTF-8"?>
<record
    xmlns:xsi="http://www.w3.org/2001/XMLSchema-instance"
    xsi:schemaLocation="http://www.loc.gov/MARC21/slim http://www.loc.gov/standards/marcxml/schema/MARC21slim.xsd"
    xmlns="http://www.loc.gov/MARC21/slim">

  <leader>01092nam a2200241 a 4500</leader>
  <controlfield tag="001">41121</controlfield>
  <controlfield tag="003">BD-RjUL</controlfield>
  <controlfield tag="005">20211209053331.0</controlfield>
  <controlfield tag="008">160516s1965    pk ||||| |||| 00| 0 ben d</controlfield>
  <datafield tag="020" ind1=" " ind2=" ">
    <subfield code="c">: PRs 3.00 </subfield>
  </datafield>
  <datafield tag="035" ind1=" " ind2=" ">
    <subfield code="a">(BD-RjUL) 41237</subfield>
  </datafield>
  <datafield tag="040" ind1=" " ind2=" ">
    <subfield code="a">BD-RjUL</subfield>
    <subfield code="b">ben </subfield>
    <subfield code="c">BD-RjUL</subfield>
  </datafield>
  <datafield tag="041" ind1=" " ind2=" ">
    <subfield code="a">ben </subfield>
  </datafield>
  <datafield tag="082" ind1=" " ind2=" ">
    <subfield code="2">23 </subfield>
    <subfield code="a">891.43913 </subfield>
    <subfield code="b">GAD 1965 </subfield>
  </datafield>
  <datafield tag="100" ind1=" " ind2=" ">
    <subfield code="a">&#x997;&#x9BE;&#x9B2;&#x9BF;&#x9AC;, &#x986;&#x9B8;&#x9BE;&#x9A6; &#x986;&#x9B2;&#x9CD;&#x9B2;&#x9BE;&#x9B9; &#x996;&#x9BE;&#x9A8; </subfield>
    <subfield code="9">126496</subfield>
  </datafield>
  <datafield tag="245" ind1="1" ind2="0">
    <subfield code="a">&#x9A6;&#x9C0;&#x993;&#x9AF;&#x9BC;&#x9BE;&#x9A8;-&#x987;-&#x997;&#x9BE;&#x9B2;&#x9BF;&#x9AC; / </subfield>
    <subfield code="c"> &#x986;&#x9B8;&#x9BE;&#x9A6; &#x986;&#x9B2;&#x9CD;&#x9B2;&#x9BE;&#x9B9; &#x996;&#x9BE;&#x9A8; &#x997;&#x9BE;&#x9B2;&#x9BF;&#x9AC; ; &#x985;&#x9A8;&#x9C1;&#x9AC;&#x9BE;&#x9A6; &#x9AE;&#x9A8;&#x9BF;&#x9B0; &#x989;&#x9A6;&#x9A6;&#x9C0;&#x9A8; &#x987;&#x989;&#x9B8;&#x9C1;&#x9AB; </subfield>
  </datafield>
  <datafield tag="260" ind1=" " ind2=" ">
    <subfield code="a">&#x9A2;&#x9BE;&#x995;&#x9BE; : </subfield>
    <subfield code="b">&#x9AC;&#x9BE;&#x999;&#x9B2;&#x9BE; &#x98F;&#x995;&#x9BE;&#x9A1;&#x9C7;&#x9AE;&#x9C0;, </subfield>
    <subfield code="c">&#x9E7;&#x9EF;&#x9EC;&#x9EB; </subfield>
  </datafield>
  <datafield tag="300" ind1=" " ind2=" ">
    <subfield code="a">[&#x9EA;&#x9EC;], &#x9EE;&#x9E8; &#x9AA;&#x9C3;. ; </subfield>
    <subfield code="c">&#x9E8;&#x9E7; &#x9B8;&#x9C7;&#x9AE;&#x9BF;. </subfield>
  </datafield>
  <datafield tag="600" ind1=" " ind2=" ">
    <subfield code="a">&#x120;&#x101;lib, Asad All&#x101;h K&#x332;&#x101;n,</subfield>
    <subfield code="d"> 1797-1869.</subfield>
    <subfield code="x"> M&#x12B;rz&#x101;</subfield>
    <subfield code="9">126582</subfield>
  </datafield>
  <datafield tag="600" ind1=" " ind2=" ">
    <subfield code="a">&#x997;&#x9BE;&#x9B2;&#x9BF;&#x9AC;, &#x986;&#x9B8;&#x9BE;&#x9A6; &#x986;&#x9B2;&#x9CD;&#x9B2;&#x9BE;&#x9B9; &#x996;&#x9BE;&#x9A8; </subfield>
    <subfield code="d">&#x9E7;&#x9ED;&#x9EF;&#x9ED;-&#x9E7;&#x9EE;&#x9EC;&#x9EF; </subfield>
    <subfield code="x">&#x9AE;&#x9C0;&#x9B0;&#x9CD;&#x9AF;&#x9BE; </subfield>
    <subfield code="9">126583</subfield>
  </datafield>
  <datafield tag="700" ind1=" " ind2=" ">
    <subfield code="a">&#x987;&#x989;&#x9B8;&#x9C1;&#x9AB;, &#x9AE;&#x9A8;&#x9BF;&#x9B0; &#x989;&#x9A6;&#x9A6;&#x9C0;&#x9A8;, &#x985;&#x9A8;&#x9C1;&#x9AC;&#x9BE;&#x9A6; </subfield>
    <subfield code="9">126499</subfield>
  </datafield>
  <datafield tag="942" ind1=" " ind2=" ">
    <subfield code="2">ddc</subfield>
    <subfield code="c">BK</subfield>
    <subfield code="0">1</subfield>
  </datafield>
  <datafield tag="999" ind1=" " ind2=" ">
    <subfield code="c">41121</subfield>
    <subfield code="d">41121</subfield>
  </datafield>
  <datafield tag="952" ind1=" " ind2=" ">
    <subfield code="0">0</subfield>
    <subfield code="1">0</subfield>
    <subfield code="2">ddc</subfield>
    <subfield code="4">0</subfield>
    <subfield code="7">0</subfield>
    <subfield code="8">NFIC</subfield>
    <subfield code="a">RUCL</subfield>
    <subfield code="b">RUCL</subfield>
    <subfield code="c">Stack</subfield>
    <subfield code="d">1978-07-05</subfield>
    <subfield code="e">Nawroge</subfield>
    <subfield code="g">3.00</subfield>
    <subfield code="l">0</subfield>
    <subfield code="o">B 891.43913  GAD 1965</subfield>
    <subfield code="r">2016-05-16 00:00:00</subfield>
    <subfield code="t">C-2</subfield>
    <subfield code="w">2021-12-09</subfield>
    <subfield code="y">BK</subfield>
  </datafield>
  <datafield tag="952" ind1=" " ind2=" ">
    <subfield code="0">0</subfield>
    <subfield code="1">0</subfield>
    <subfield code="2">ddc</subfield>
    <subfield code="4">0</subfield>
    <subfield code="7">0</subfield>
    <subfield code="8">NFIC</subfield>
    <subfield code="a">RUCL</subfield>
    <subfield code="b">RUCL</subfield>
    <subfield code="c">Stack</subfield>
    <subfield code="d">1978-07-05</subfield>
    <subfield code="e">Nawroge</subfield>
    <subfield code="g">3.00</subfield>
    <subfield code="l">0</subfield>
    <subfield code="o">B 891.43913  GAD 1965</subfield>
    <subfield code="r">2016-08-16 00:00:00</subfield>
    <subfield code="t">C-3</subfield>
    <subfield code="w">2016-08-16</subfield>
    <subfield code="y">BK</subfield>
  </datafield>
  <datafield tag="952" ind1=" " ind2=" ">
    <subfield code="0">0</subfield>
    <subfield code="1">0</subfield>
    <subfield code="2">ddc</subfield>
    <subfield code="4">0</subfield>
    <subfield code="7">0</subfield>
    <subfield code="8">NFIC</subfield>
    <subfield code="a">RUCL</subfield>
    <subfield code="b">RUCL</subfield>
    <subfield code="c">Stack</subfield>
    <subfield code="d">1978-07-05</subfield>
    <subfield code="e">Nawroge</subfield>
    <subfield code="g">3.00</subfield>
    <subfield code="l">0</subfield>
    <subfield code="o">B 891.43913  GAD 1965</subfield>
    <subfield code="r">2016-08-16 00:00:00</subfield>
    <subfield code="t">C-4</subfield>
    <subfield code="w">2016-08-16</subfield>
    <subfield code="y">BK</subfield>
  </datafield>
  <datafield tag="952" ind1=" " ind2=" ">
    <subfield code="0">0</subfield>
    <subfield code="1">0</subfield>
    <subfield code="2">ddc</subfield>
    <subfield code="4">0</subfield>
    <subfield code="7">0</subfield>
    <subfield code="8">NFIC</subfield>
    <subfield code="a">RUCL</subfield>
    <subfield code="b">RUCL</subfield>
    <subfield code="c">Stack</subfield>
    <subfield code="d">1978-07-05</subfield>
    <subfield code="e">Nawroge</subfield>
    <subfield code="g">3.00</subfield>
    <subfield code="l">1</subfield>
    <subfield code="o">B 891.43913  GAD 1965</subfield>
    <subfield code="r">2017-07-10 00:00:00</subfield>
    <subfield code="s">2017-05-02</subfield>
    <subfield code="t">C-5</subfield>
    <subfield code="w">2016-08-16</subfield>
    <subfield code="y">BK</subfield>
  </datafield>
  <datafield tag="952" ind1=" " ind2=" ">
    <subfield code="0">0</subfield>
    <subfield code="1">0</subfield>
    <subfield code="2">ddc</subfield>
    <subfield code="4">0</subfield>
    <subfield code="7">0</subfield>
    <subfield code="8">NFIC</subfield>
    <subfield code="a">RUCL</subfield>
    <subfield code="b">RUCL</subfield>
    <subfield code="c">Stack</subfield>
    <subfield code="d">1978-07-05</subfield>
    <subfield code="e">Nawroge</subfield>
    <subfield code="g">3.00</subfield>
    <subfield code="l">0</subfield>
    <subfield code="o">B 891.43913  GAD 1965</subfield>
    <subfield code="r">2016-08-16 00:00:00</subfield>
    <subfield code="t">C-6</subfield>
    <subfield code="w">2016-08-16</subfield>
    <subfield code="y">BK</subfield>
  </datafield>
  <datafield tag="952" ind1=" " ind2=" ">
    <subfield code="0">0</subfield>
    <subfield code="1">0</subfield>
    <subfield code="2">ddc</subfield>
    <subfield code="4">0</subfield>
    <subfield code="7">0</subfield>
    <subfield code="8">NFIC</subfield>
    <subfield code="a">RUCL</subfield>
    <subfield code="b">RUCL</subfield>
    <subfield code="c">Stack</subfield>
    <subfield code="d">1968-07-04</subfield>
    <subfield code="e">Nowrose</subfield>
    <subfield code="g">3.00</subfield>
    <subfield code="l">0</subfield>
    <subfield code="o">B 891.43913  GAD 1965</subfield>
    <subfield code="r">2016-11-24 00:00:00</subfield>
    <subfield code="t">C-7</subfield>
    <subfield code="w">2016-11-24</subfield>
    <subfield code="y">BK</subfield>
  </datafield>
</record>
